Investigación sobre la "Unidad de cultura"

Kaydedildi:
Detaylı Bibliyografya
Müşterek Yazar: UNA. Escuela de Planificación y Promoción Social
Materyal Türü: Metin
Baskı/Yayın Bilgisi: Heredia :
Etiketler: Etiketle
Etiket eklenmemiş, İlk siz ekleyin!

MARC

LEADER 00000 a a2200000 04500
001 16641
003
040
090 |a 011800  
110 |a UNA. Escuela de Planificación y Promoción Social  
245 |a Investigación sobre la "Unidad de cultura"  
260 |a Heredia :  
300 |a 61 p.  
999 |c 12420  |d 12420